000 00751nam a2200289Ia 4500
005 20260324130022.0
008 008 260324s9999 xx 000 0 eng d
020 _a9781315541259
037 _aEBOOK
040 _aCRL
040 _beng
040 _cCRL
041 _2eng
041 _aeng
084 _qCRL
100 _aAharon Sasson
_91180217
245 0 _aAnimal Husbandry in Ancient Israel
245 2 _bA Zooarchaeological Perspective on Livestock Exploitation, Herd Management and Economic Strategies
260 _bTaylor and Francis
260 _c2008
365 _a
365 _b265
856 _uhttp://www.taylorfrancis.com/books/9781315541259
942 _cEBOOK
999 _c1775967
_d1775967